000 00389nam a2200169Ia 4500
100 _aPapazoglou/M.P/ Ribbers
650 _aE business
942 _cBK
366 _f25
654 _ae business
245 _ae Business:Organization and technical foundations
260 _bWiley India
_c2006
082 _a658.84
_bPAP
300 _a722
546 _aENGLISH
_cInfo.Tech
999 _c25166
_d25166